Rozpoznaj państwo po podpowiedziach #2 - Statystyki

Ogólne statystyki
  • Ten quiz został rozwiązany 51 razy
  • Średni wynik to 7 z 15
Statystyki odpowiedzi
Jeden z kolorów
na fladze
Piąta litera Państwo
śródlądowe
Wielkie miasto Państwo % Poprawnych
Biały K Nie Zielona Góra Polska
94%
Niebieski Y Nie Chicago Stany Zjednoczone
90%
Czarny B Nie Johanersburg Republika Południowej Afryki
76%
Żółty C Tak Ałmaty Kazachstan
71%
Czerowny A Tak Preszów Słowacja
53%
Zielony Brak Nie Mosul Irak
43%
Czerwony Brak Nie Meszhed Iran
41%
Zielony Y Nie Fortaleza Brazylia
39%
Czerwony E Tak Esch-sur-Alzette Luksemburg
31%
Żółty A Tak Bielce Mołdawia
31%
Czarny N Nie Omdurman Sudan
24%
Niebieski I Nie Bandżul Gambia
22%
Żółty W Tak Cochabamba Boliwia
20%
Zielony A Nie Moratuwa Sri Lanka
10%
Biały A Nie Jiayi Tajwan
10%
Nie znaleziono quizów pasujących do podanych kryteriów
Rozkład punktacji
Procent ludzi z każdym wynikiem
Percentyl według liczby udzielonych odpowiedzi
Twoja historia wyników
Nie rozwiązałeś tego quizu